Dr. S. R. Lasker Library Online Catalogue

Home      Library Home      Institutional Repository      E-Resources      MyAthens      EWU Home

Macroeconomics / (Record no. 6859)

MARC details
000 -LEADER
fixed length control field 00894cam a2200301 a 4500
001 - CONTROL NUMBER
control field 6859
003 - CONTROL NUMBER IDENTIFIER
control field BD-DhEWU
005 - DATE AND TIME OF LATEST TRANSACTION
control field 20200310111311.0
008 - FIXED-LENGTH DATA ELEMENTS--GENERAL INFORMATION
fixed length control field 100320s2000 njua g b 001 0 eng d
020 ## - INTERNATIONAL STANDARD BOOK NUMBER
International Standard Book Number 0201473860
International Standard Book Number 9780201473865
035 ## - SYSTEM CONTROL NUMBER
System control number (OCoLC)1010908682
040 ## - CATALOGING SOURCE
Modifying agency BD-DhEWU
Language of cataloging English
Transcribing agency BD-DhEWU
Original cataloging agency BD-DhEWU
041 ## - LANGUAGE CODE
Language code of text/sound track or separate title English
082 04 - DEWEY DECIMAL CLASSIFICATION NUMBER
Classification number 339
Edition number 22
Item number PAM 2000
100 1# - MAIN ENTRY--PERSONAL NAME
Personal name Parkin, Michael.
9 (RLIN) 257
245 10 - TITLE STATEMENT
Title Macroeconomics /
Statement of responsibility, etc Michael Parkin.
250 ## - EDITION STATEMENT
Edition statement 5th ed.
260 ## - PUBLICATION, DISTRIBUTION, ETC. (IMPRINT)
Place of publication, distribution, etc Englewood Cliffs, N.J. :
Name of publisher, distributor, etc Prentice-Hall,
Date of publication, distribution, etc c2000.
300 ## - PHYSICAL DESCRIPTION
Extent xxxvii, 505 p. :
Other physical details ill. ;
Dimensions 25 cm.
504 ## - BIBLIOGRAPHY, ETC. NOTE
Bibliography, etc Includes index.
526 ## - STUDY PROGRAM INFORMATION NOTE
Program name Economics
590 ## - LOCAL NOTE (RLIN)
Local note Saifun Momota
650 #0 - SUBJECT ADDED ENTRY--TOPICAL TERM
Topical term or geographic name as entry element Macroeconomics
9 (RLIN) 258
856 42 - ELECTRONIC LOCATION AND ACCESS
Materials specified WorldCat details
Uniform Resource Identifier https://www.worldcat.org/title/macroeconomics/oclc/1010908682&referer=brief_results
942 ## - ADDED ENTRY ELEMENTS (KOHA)
Source of classification or shelving scheme Dewey Decimal Classification
Koha item type Text
Koha issues (borrowed), all copies 109
953 ## - Fulltext in GSDL
Is Fulltext Available in GSDL? Not Avaialable
Holdings
Withdrawn status Lost status Source of classification or shelving scheme Damaged status Not for loan Collection code Home library Current library Shelving location Date acquired Source of acquisition Cost, normal purchase price Total Checkouts Full call number Barcode Date last seen Date checked out Copy number Price effective from Koha item type Total Renewals
    Dewey Decimal Classification   Not For Loan Non-fiction Dr. S. R. Lasker Library, EWU Dr. S. R. Lasker Library, EWU Reserve Section 11/12/2011 Trim Education 4500.00 2 339 PAM 2000 24145 26/05/2014 26/05/2014 C-2 11/12/2011 Text  
    Dewey Decimal Classification     Non-fiction Dr. S. R. Lasker Library, EWU Dr. S. R. Lasker Library, EWU Circulation Section 11/12/2011 Trim Education 4500.00 25 339 PAM 2000 24146 11/11/2025 11/11/2025 C-3 11/12/2011 Text 4
    Dewey Decimal Classification     Non-fiction Dr. S. R. Lasker Library, EWU Dr. S. R. Lasker Library, EWU Circulation Section 11/12/2011 Trim Education 4500.00 41 339 PAM 2000 24147 04/06/2024 03/06/2024 C-4 11/12/2011 Text  
    Dewey Decimal Classification     Non-fiction Dr. S. R. Lasker Library, EWU Dr. S. R. Lasker Library, EWU Circulation Section 11/12/2011 Trim Education 4500.00 60 339 PAM 2000 24148 04/06/2024 30/05/2024 C-5 11/12/2011 Text 1
    Dewey Decimal Classification     Non-fiction Dr. S. R. Lasker Library, EWU Dr. S. R. Lasker Library, EWU Audio Visual 11/12/2011 Trim Education   1 339 PAM 2000 CD-803 05/11/2015 04/11/2015 C-1 04/12/2014 CDs & DVDs  
    Dewey Decimal Classification     Non-fiction Dr. S. R. Lasker Library, EWU Dr. S. R. Lasker Library, EWU Circulation Section 18/01/2015 Bangaldesh Photostat 1100.00 16 339 PAM 2000 26417 08/12/2022 05/12/2022 C-6 19/01/2015 Text  
    Dewey Decimal Classification     Non-fiction Dr. S. R. Lasker Library, EWU Dr. S. R. Lasker Library, EWU Circulation Section 18/01/2015 Bangaldesh Photostat 1100.00 22 339 PAM 2000 26418 07/03/2024 05/03/2024 C-7 19/01/2015 Text  
    Dewey Decimal Classification     Non-fiction Dr. S. R. Lasker Library, EWU Dr. S. R. Lasker Library, EWU Circulation Section 18/01/2015 Bangaldesh Photostat 1100.00 18 339 PAM 2000 26419 13/03/2019 06/03/2019 C-8 19/01/2015 Text 1
    Dewey Decimal Classification     Non-fiction Dr. S. R. Lasker Library, EWU Dr. S. R. Lasker Library, EWU Circulation Section 18/01/2015 Bangaldesh Photostat 1100.00 19 339 PAM 2000 26420 09/01/2023 09/01/2023 C-9 19/01/2015 Text  
    Dewey Decimal Classification   Not For Loan Non-fiction Dr. S. R. Lasker Library, EWU Dr. S. R. Lasker Library, EWU Reserve Section 15/01/2005   1000.00   339 PAM 2000 14736 10/03/2020   C-1 10/03/2020 Text